书目信息 |
| 题名: |
裸露山体治理与水土保持
|
|
| 作者: | 戴金水 , 刘灼华 , 张强 编著 | |
| 分册: | ||
| 出版信息: | 郑州 黄河水利出版社 2010.07 |
|
| 页数: | 130页, [16] 页图版 | |
| 开本: | 26cm | |
| 丛书名: | ||
| 单 册: | ||
| 中图分类: | X322 , S157 | |
| 科图分类: | ||
| 主题词: | 矿区环境保护--kuang qu huan jing bao hu--研究 , 山坡地--shan po di--水土保持--研究 | |
| 电子资源: | ||
| ISBN: | 978-7-80734-857-3 | |
| 000 | 01207nam0 2200301 450 | |
| 001 | 012010969640 | |
| 005 | 20101216163540.82 | |
| 010 | @a978-7-80734-857-3@dCNY29.00 | |
| 100 | @a20101014d2010 em y0chiy0120 ea | |
| 101 | 0 | @achi |
| 102 | @aCN@b410000 | |
| 105 | @aak a 000yy | |
| 106 | @ar | |
| 200 | 1 | @a裸露山体治理与水土保持@Aluo lu shan ti zhi li yu shui tu bao chi@f戴金水, 刘灼华, 张强编著@Fdai jin shui,liu zhuo hua,zhang qiang bian zhu |
| 210 | @a郑州@c黄河水利出版社@d2010.07 | |
| 215 | @a130页, [16] 页图版@c图 (部分彩图)@d26cm | |
| 320 | @a有书目 (第126-129页) | |
| 330 | @a本书分12章,内容包括:裸露山体治理概述、裸露山体的稳定治理和地质灾害防治、裸露山体的生态治理和水土保持、裸露山体坡面生态修复技术、裸露山体生态修复植物选择、裸露山体生态修复养护技术等。 | |
| 333 | @a本书适用于裸露山体、矿山治理与水土保持规划、设计、施工人员 | |
| 606 | 0 | @a矿区环境保护@Akuang qu huan jing bao hu@x研究 |
| 606 | 0 | @a山坡地@Ashan po di@x水土保持@x研究 |
| 690 | @aX322@v4 | |
| 690 | @aS157@v4 | |
| 701 | 0 | @a戴金水@Adai jin shui@4编著 |
| 701 | 0 | @a刘灼华@Aliu zhuo hua@4编著 |
| 701 | 0 | @a张强@Azhang qiang@4编著 |
| 801 | 0 | @aCN@bRULIN@c20101216 |
| 905 | @b789130-31@dX322@eD116@f2 | |
| 裸露山体治理与水土保持/戴金水, 刘灼华, 张强编著.-郑州:黄河水利出版社,2010.07 |
| 130页, [16] 页图版:图 (部分彩图);26cm |
| 使用对象:本书适用于裸露山体、矿山治理与水土保持规划、设计、施工人员 |
| ISBN 978-7-80734-857-3:CNY29.00 |
| 本书分12章,内容包括:裸露山体治理概述、裸露山体的稳定治理和地质灾害防治、裸露山体的生态治理和水土保持、裸露山体坡面生态修复技术、裸露山体生态修复植物选择、裸露山体生态修复养护技术等。 |
| ● |
| 相关链接 |
|
|
|
正题名:裸露山体治理与水土保持
索取号:X322/D116
 
预约/预借
| 序号 | 登录号 | 条形码 | 馆藏地/架位号 | 状态 | 备注 |
| 1 | 789130 | 207891307 | 自科库501/501自科库 66排5列2层/ [索取号:X322/D116] | 在馆 | |
| 2 | 789131 | 207891316 | 自科库501/501自科库 66排5列2层/ [索取号:X322/D116] | 在馆 |